Science Quiz

Random Science Quiz

Staples APC - Electric Potential Quiz Stats

 Plays Quiz not verified by Sporcle

Challenge
Share
Tweet
Embed
Score 0/20 Timer 05:00
0 Plays Today
Hint Answer % Correct
????
100%
????
75.7%
????
67.6%
????
67.6%
????
48.6%
????
40.5%
????
27%
????
16.2%
????
8.1%
????
8.1%
Hint Answer % Correct
????
5.4%
????
5.4%
????
2.7%
????
2.7%
????
0%
????
0%
????
0%
????
0%
????
0%
????
0%

You're not logged in!

Compare scores with friends on all Sporcle quizzes.
Join for Free
OR
Log In

You Might Also Like...

Show Comments

Extras

Created May 24, 2010ReportNominate
Tags:electric, potential, staple

Top Quizzes Today


Score Distribution

Your Account Isn't Verified!

In order to create a playlist on Sporcle, you need to verify the email address you used during registration. Go to your Sporcle Settings to finish the process.

Report this User

Report this user for behavior that violates our Community Guidelines.

Details: